000 02268nam a2200301 a 4500
001 77668
003 BD-RjUL
005 20211209083017.0
008 201223s2001 bg a|||| m||| 00| 0 ben d
035 _a(BD-RjUL)77894
040 _aBD-RjUL
_bben/eng
_dBD-RjUL
041 _aben
082 _a079.5414
_bKHB 2001
_223
100 _aখাতুন, মোসা. হাজেরা
_9242830
245 1 0 _aবাংলার মুসলমানদের রাজনৈতিক চেতনার উন্মেষ ও বিকাশে সংবাদপত্রের ভূমিকা ১৯০৫-১৯৪০ /
_cমোসা. হাজেরা খাতুন ;
_6গবেষণা তত্বাবধায়ক: মুহম্মদ নূরুল কাইয়ুম, ; সহ গবেষণা তত্বাবধায়ক: মুহম্মদ ময়েজুল ইসলাম
260 _aরাজশাহী :
_bইতিহাস বিভাগ, রাজশাহী বিশ্ববিদ্যালয়,
_c২০০১
300 _a[৮], ৩১৮ পাতা :
_bচিত্র ;
_c২৮ সেমি.
502 _aথিসিস (পিএইচ. ডি.) --ইতিহাস বিভাগ, রাজশাহী বিশ্ববিদ্যালয়, ২০০১
504 _aগ্রন্থপঞ্জি: পাতা ২৮৭-৩১৮
600 _y
_9244724
650 _aসাংবাদিকতা
_zভারত
_zবঙ্গ
_xইতিহাস
_y১৯০৫-১৯৪০
_9243319
650 _aJournalism
_zIndia
_zBengal
_xHistory
_y1905-1940
_9243320
650 _aগণমাধ্যমে মুসলমান
_xরাজনৈতিক কার্যকলাপ
_zভারত
_zবঙ্গ
_xইতিহাস
_y১৯০৫-১৯৪০
_9243321
650 _aMuslims in Mass Media
_xPolitical activity
_zIndia
_zBengal
_xHistory
_y1905-1940
_9243322
700 _aকাইয়ুম, মুহম্মদ নূরুল, গবেষণা তত্বাবধায়ক
_9242833
700 _aইসলাম, মুহম্মদ ময়েজুল, সহ গবেষণা তত্বাবধায়ক
_9242834
942 _2ddc
_cTHE
999 _c77668
_d77668